[Event "Mallorca-chT Preferente"]
[Site "Palma de Mallorca"]
[Date "2020.03.07"]
[Round "6.5"]
[White "Ponce Cano, Adrian"]
[Black "Ducros Salva, Antonio"]
[Result "1-0"]
[WhiteElo "2157"]
[BlackElo "2133"]
[PlyCount "93"]
[EventDate "2020.02.01"]
[EventType "team-tourn"]
[EventRounds "9"]
[EventCountry "ESP"]
[SourceTitle "CBM 195 Extra"]
[Source "ChessBase"]
[SourceDate "2020.05.31"]
[SourceVersion "1"]
[SourceVersionDate "2020.05.31"]
[SourceQuality "1"]
[WhiteTeam "Agora Megaescacs"]
[BlackTeam "Son Dameto"]
[WhiteTeamCountry "ESP"]
[BlackTeamCountry "ESP"]

1. e4 c5 2. Nf3 Nc6 3. c3 d5 4. exd5 Qxd5 5. Na3 Bg4 6. Be2 Nf6 7. 0-0 e6 8. h3 Bh5 9. d4 Be7 10. Be3 cxd4 11. Nb5 Rc8 12. Nbxd4 0-0 13. Nxc6 bxc6 14. Qa4 Bxf3 15. Bxf3 Qb5 16. Qxb5 cxb5 17. Bxa7 b4 18. cxb4 Rc2 19. Bd4 Bxb4 20. a3 Be7 21. Bc3 Nd5 22. Bd1 Rxc3 23. bxc3 Nxc3 24. Bf3 Na4 25. Bc6 Nc5 26. a4 Rc8 27. Bf3 Nb3 28. Ra2 Nd4 29. a5 Bc5 30. Bb7 Rc7 31. a6 Ba7 32. Rd1 e5 33. Rb2 Kf8 34. Re1 f6 35. Bd5 Ke7 36. Rb7 Rxb7 37. Bxb7 Nb3 38. g4 Nc5 39. Kg2 Kd6 40. h4 Kc7 41. Rc1 Kb6 42. g5 Nxb7 43. axb7 Kxb7 44. gxf6 gxf6 45. Kf3 f5 46. Rd1 e4+ 47. Ke2 1-0

[Event "Mallorca-chT Preferente"]
[Site "Palma de Mallorca"]
[Date "2012.03.10"]
[Round "6.4"]
[White "Penas Fuster, Jaime"]
[Black "Ducros Salva, Antonio"]
[Result "0-1"]
[WhiteElo "2113"]
[BlackElo "2253"]
[PlyCount "86"]
[EventDate "2012.01.28"]
[EventType "team"]
[EventRounds "9"]
[EventCountry "ESP"]
[SourceTitle "EXT 2014"]
[Source "ChessBase"]
[SourceDate "2013.11.20"]
[SourceVersion "1"]
[SourceVersionDate "2013.11.20"]
[SourceQuality "1"]
[WhiteTeam "Tropic"]
[BlackTeam "Sa Dragonera"]
[WhiteTeamCountry "ESP"]
[BlackTeamCountry "ESP"]

1. e4 c5 2. Nf3 Nc6 3. d4 cxd4 4. Nxd4 g6 5. Nc3 Bg7 6. Be3 Nf6 7. Nxc6 bxc6 8. e5 Ng8 9. f4 d5 10. Be2 e6 11. 0-0 Qa5 12. Qd4 f6 13. exf6 Nxf6 14. Qc5 Qxc5 15. Bxc5 Nd7 16. Bd6 Kf7 17. Rae1 Re8 18. Kh1 a5 19. g4 Ba6 20. Kg2 a4 21. a3 Bxe2 22. Rxe2 Nb6 23. Bc5 Nc4 24. Nxa4 Rxa4 25. b3 Rxa3 26. bxc4 Rc3 27. Bd6 Rxc4 28. Rb1 Bf8 29. Rb7+ Kg8 30. Bxf8 Rxf8 31. Rxe6 Rxc2+ 32. Kg3 Rf7 33. Rb8+ Kg7 34. g5 Rc3+ 35. Kg4 Rc4 36. Ree8 Rfxf4+ 37. Kh3 Rh4+ 38. Kg3 Rhg4+ 39. Kf3 Rxg5 40. Re7+ Kh6 41. Rbb7 Rf5+ 42. Kg3 Kg5 43. Rxh7 Rg4+ 0-1

[Event "Mallorca-chT Preferente"]
[Site "Palma de Mallorca"]
[Date "2012.03.03"]
[Round "5.2"]
[White "Ducros Salva, Antonio"]
[Black "Abadia Pascual, Luis"]
[Result "1-0"]
[WhiteElo "2253"]
[BlackElo "1935"]
[PlyCount "67"]
[EventDate "2012.01.28"]
[EventType "team"]
[EventRounds "9"]
[EventCountry "ESP"]
[SourceTitle "EXT 2014"]
[Source "ChessBase"]
[SourceDate "2013.11.20"]
[SourceVersion "1"]
[SourceVersionDate "2013.11.20"]
[SourceQuality "1"]
[WhiteTeam "Sa Dragonera"]
[BlackTeam "Mate en Dos"]
[WhiteTeamCountry "ESP"]
[BlackTeamCountry "ESP"]

1. c4 f5 2. g3 Nf6 3. Bg2 g6 4. Nc3 Bg7 5. d3 0-0 6. e4 d6 7. Nge2 e5 8. 0-0 Nc6 9. h3 Be6 10. Nd5 Qd7 11. Kh2 h6 12. Be3 Rf7 13. Qd2 Kh7 14. Rac1 Raf8 15. exf5 gxf5 16. Nxf6+ Rxf6 17. d4 Nd8 18. dxe5 dxe5 19. Qxd7 Bxd7 20. Bxa7 b6 21. c5 Nc6 22. cxb6 cxb6 23. Bxb6 Rb8 24. Bc5 Rxb2 25. Nc3 e4 26. Ba3 Rd2 27. Rfd1 Rxd1 28. Rxd1 Ne5 29. Bb2 Nd3 30. Nxe4 Rf7 31. Bxg7 fxe4 32. Bd4 Bc6 33. Kg1 Ba4 34. Bxe4+ 1-0

[Event "Petra"]
[Site "Petra"]
[Date "2010.12.13"]
[Round "4"]
[White "Massanet Massanet, Sebastian"]
[Black "Ducros Salva, Antonio"]
[Result "0-1"]
[WhiteElo "2260"]
[BlackElo "2254"]
[PlyCount "50"]
[EventDate "2010.12.11"]
[EventType "tourn"]
[EventRounds "9"]
[EventCountry "ESP"]
[EventCategory "4"]
[SourceTitle "CBM 139 Extra"]
[Source "ChessBase"]
[SourceDate "2011.01.05"]
[SourceVersion "1"]
[SourceVersionDate "2011.01.05"]
[SourceQuality "1"]

1. e4 c5 2. Nf3 Nc6 3. d4 cxd4 4. Nxd4 g6 5. Nc3 Bg7 6. Be3 Nf6 7. Bc4 0-0 8. Bb3 a5 9. 0-0 a4 10. Nxa4 Nxe4 11. Nb5 Rxa4 12. Bxa4 Bxb2 13. Rb1 Bg7 14. c4 d6 15. Qe2 Nf6 16. Na7 Nxa7 17. Bb6 Bg4 18. f3 Qa8 19. fxg4 Nc8 20. Bd1 Nxb6 21. Rxb6 Qa7 22. c5 Nd5 23. Bb3 Nxb6 24. Bxf7+ Rxf7 25. Qe6 Bf6 0-1

[Event "Petra"]
[Site "Petra"]
[Date "2010.12.12"]
[Round "3"]
[White "Lalic, Bogdan"]
[Black "Ducros Salva, Antonio"]
[Result "1-0"]
[WhiteElo "2495"]
[BlackElo "2254"]
[PlyCount "100"]
[EventDate "2010.12.11"]
[EventType "tourn"]
[EventRounds "9"]
[EventCountry "ESP"]
[EventCategory "4"]
[SourceTitle "CBM 139 Extra"]
[Source "ChessBase"]
[SourceDate "2011.01.05"]
[SourceVersion "1"]
[SourceVersionDate "2011.01.05"]
[SourceQuality "1"]

1. d4 f5 2. g3 g6 3. Bg2 Bg7 4. Nh3 d6 5. Nc3 c6 6. e4 Nh6 7. 0-0 0-0 8. d5 c5 9. Nf4 Na6 10. h3 Nc7 11. a4 Rb8 12. Re1 b6 13. Nb5 a6 14. Nxc7 Qxc7 15. Qe2 b5 16. axb5 axb5 17. c3 Rf7 18. Bd2 fxe4 19. g4 Kh8 20. Qxe4 Bd7 21. Ne6 Bxe6 22. Qxe6 Rbf8 23. f4 b4 24. Qe2 bxc3 25. bxc3 Re8 26. Qa6 Rff8 27. Qa7 Qxa7 28. Rxa7 Ng8 29. g5 Ra8 30. Rea1 Rab8 31. R1a2 Rb3 32. Rc2 Rfb8 33. Bf3 Rb2 34. Ra2 R2b3 35. Bg4 e5 36. dxe6 d5 37. Ra7 R3b7 38. Rxb7 Rxb7 39. Kf2 Ne7 40. Ra2 h6 41. gxh6 Bxh6 42. Be3 Bg7 43. Ra8+ Kh7 44. Bxc5 Bxc3 45. Rd8 Bf6 46. Rd7 Rxd7 47. exd7 Nc6 48. Be6 d4 49. Bc4 Kg7 50. Kf3 Na5 1-0

[Event "Calvia Amateur op 6th"]
[Site "Calvia"]
[Date "2009.10.16"]
[Round "7"]
[White "Tart, Peter K"]
[Black "Ducros Salva, Antonio"]
[Result "0-1"]
[WhiteElo "2078"]
[BlackElo "2239"]
[PlyCount "54"]
[EventDate "2009.10.10"]
[EventType "swiss"]
[EventRounds "9"]
[EventCountry "ESP"]
[SourceTitle "CBM 132 Extra"]
[Source "ChessBase"]
[SourceDate "2009.11.03"]
[SourceVersion "1"]
[SourceVersionDate "2009.11.03"]
[SourceQuality "1"]

1. e4 c5 2. Nc3 Nc6 3. f4 g6 4. Nf3 Bg7 5. Bb5 Nd4 6. 0-0 a6 7. Bd3 d6 8. Nxd4 cxd4 9. Ne2 Nf6 10. Qe1 0-0 11. Kh1 e5 12. c3 dxc3 13. dxc3 b5 14. Ng3 Bb7 15. Bc2 Qe7 16. fxe5 dxe5 17. Bg5 h6 18. Bh4 Qe6 19. Bb3 Qb6 20. Rd1 Rad8 21. Rxd8 Rxd8 22. Bxf6 Bxf6 23. Qe2 Rf8 24. Qg4 Bg5 25. Qd7 Bf4 26. Qg4 Bc8 27. Nf5 Kh7 0-1

[Event "Calvia Amateur op 6th"]
[Site "Calvia"]
[Date "2009.10.13"]
[Round "4"]
[White "Lechado Artigues, Pedro"]
[Black "Ducros Salva, Antonio"]
[Result "1/2-1/2"]
[WhiteElo "2110"]
[BlackElo "2239"]
[PlyCount "63"]
[EventDate "2009.10.10"]
[EventType "swiss"]
[EventRounds "9"]
[EventCountry "ESP"]
[SourceTitle "CBM 132 Extra"]
[Source "ChessBase"]
[SourceDate "2009.11.03"]
[SourceVersion "1"]
[SourceVersionDate "2009.11.03"]
[SourceQuality "1"]

1. e4 c5 2. Nf3 Nc6 3. d4 cxd4 4. Nxd4 g6 5. c4 Bg7 6. Be3 Nf6 7. Nc3 0-0 8. Be2 d6 9. f3 Nxd4 10. Bxd4 a5 11. Qd2 Bd7 12. 0-0 Bc6 13. Rad1 Nd7 14. Be3 Nc5 15. b3 Qb6 16. Qc2 Qb4 17. Bd2 Qb6 18. Kh1 Ne6 19. Nd5 Bxd5 20. exd5 Nc5 21. Rb1 Rfc8 22. f4 Nd7 23. Bf3 Qd4 24. Rfe1 Bf6 25. Bg4 Rc7 26. Re4 Qf2 27. Re2 Qc5 28. a4 Nb6 29. Qd3 Qd4 30. Qxd4 Bxd4 31. Rbe1 Bf6 32. Be3 1/2-1/2

[Event "Calvia Amateur op 6th"]
[Site "Calvia"]
[Date "2009.10.12"]
[Round "3"]
[White "Ducros Salva, Antonio"]
[Black "Vela Ignacio, Jose Manuel"]
[Result "1-0"]
[WhiteElo "2239"]
[BlackElo "2087"]
[PlyCount "59"]
[EventDate "2009.10.10"]
[EventType "swiss"]
[EventRounds "9"]
[EventCountry "ESP"]
[SourceTitle "CBM 132 Extra"]
[Source "ChessBase"]
[SourceDate "2009.11.03"]
[SourceVersion "1"]
[SourceVersionDate "2009.11.03"]
[SourceQuality "1"]

1. c4 e5 2. g3 Nc6 3. Bg2 d6 4. Nc3 f5 5. d3 Nf6 6. e4 g6 7. Nge2 Bg7 8. 0-0 0-0 9. h3 Be6 10. Nd5 Qd7 11. Kh2 Rf7 12. Be3 Raf8 13. Qd2 Nd8 14. Rac1 c6 15. Nxf6+ Rxf6 16. exf5 Rxf5 17. d4 Rh5 18. h4 d5 19. cxd5 Bxd5 20. dxe5 Bxe5 21. f4 Bc7 22. Bf3 Rhf5 23. Nc3 Be6 24. Qxd7 Bxd7 25. Bxa7 b6 26. Na4 Bxf4 27. gxf4 Rxf4 28. Nxb6 Rxf3 29. Rxf3 Rxf3 30. Nxd7 1-0

[Event "ESP-chT2 Gr1"]
[Site "Padron"]
[Date "2009.08.06"]
[Round "3"]
[White "Ducros Salva, Antonio"]
[Black "Trepat Herranz, Joan"]
[Result "1/2-1/2"]
[WhiteElo "2218"]
[BlackElo "2269"]
[PlyCount "91"]
[EventDate "2009.08.05"]
[EventType "team-swiss"]
[EventRounds "6"]
[EventCountry "ESP"]
[SourceTitle "CBM 131 Extra"]
[Source "ChessBase"]
[SourceDate "2009.09.03"]
[SourceVersion "2"]
[SourceVersionDate "2009.09.16"]
[SourceQuality "1"]

1. c4 Nf6 2. g3 g6 3. Bg2 Bg7 4. Nc3 0-0 5. e4 d6 6. Nge2 c5 7. 0-0 Nc6 8. d3 Bd7 9. h3 a6 10. Be3 Rb8 11. Qd2 b5 12. Rad1 Qa5 13. b3 Ne8 14. f4 Nd4 15. g4 Nxe2+ 16. Nxe2 Qxd2 17. Rxd2 a5 18. f5 Nc7 19. Bg5 Rfe8 20. f6 Ne6 21. Bh4 Bxf6 22. Bxf6 exf6 23. Rxf6 Kg7 24. Rf1 a4 25. Nf4 Nd4 26. Ne2 Nxe2+ 27. Rxe2 bxc4 28. bxc4 a3 29. Bf3 Ba4 30. Ref2 Rb2 31. Bd1 Rxf2 32. Kxf2 Bxd1 33. Rxd1 Rb8 34. Rd2 Kf6 35. Ke3 Ke5 36. d4+ cxd4+ 37. Rxd4 Rb2 38. Rd5+ Ke6 39. Rd2 Ke5 40. Rd5+ Ke6 41. Rd2 f6 42. Kd3 Rb1 43. Kd4 Rb2 44. Kc3 Rb1 45. Kd4 Rb2 46. Kc3 1/2-1/2

[Event "ESP-chT2 Gr1"]
[Site "Padron"]
[Date "2009.08.06"]
[Round "2"]
[White "Perez Mauricio, Xoel"]
[Black "Ducros Salva, Antonio"]
[Result "1/2-1/2"]
[WhiteElo "2259"]
[BlackElo "2218"]
[PlyCount "52"]
[EventDate "2009.08.05"]
[EventType "team-swiss"]
[EventRounds "6"]
[EventCountry "ESP"]
[SourceTitle "CBM 131 Extra"]
[Source "ChessBase"]
[SourceDate "2009.09.03"]
[SourceVersion "2"]
[SourceVersionDate "2009.09.16"]
[SourceQuality "1"]

1. Nf3 g6 2. e4 c5 3. c4 Nc6 4. d4 cxd4 5. Nxd4 Bg7 6. Be3 Nf6 7. Nc3 0-0 8. Be2 d6 9. 0-0 a5 10. Ndb5 Nd7 11. Qd2 Nc5 12. Rfd1 Be6 13. f3 a4 14. Nd5 Qa5 15. Nxe7+ Nxe7 16. Qxd6 Bxb2 17. Bxc5 Bxa1 18. Rxa1 Nc6 19. Qf4 Rfd8 20. Be3 Qb4 21. Qf6 Qe7 22. Qc3 Qb4 23. Qf6 Qe7 24. Qc3 Qb4 25. Qf6 a3 26. Nc7 Qb2 1/2-1/2

[Event "Olympiad-36"]
[Site "Mallorca"]
[Date "2004.10.23"]
[Round "8"]
[White "Samuelsen, Carl Eli Nolsoe"]
[Black "Ducros Salva, Antonio"]
[Result "1-0"]
[WhiteElo "2225"]
[BlackElo "2204"]
[PlyCount "125"]
[EventDate "2004.10.15"]
[EventType "team-swiss"]
[EventRounds "14"]
[EventCountry "ESP"]
[SourceTitle "CBM 104"]
[Source "ChessBase"]
[SourceDate "2005.01.27"]
[SourceVersion "1"]
[SourceVersionDate "2005.01.27"]
[SourceQuality "1"]
[WhiteTeam "Faroe Islands"]
[BlackTeam "Spain III"]
[WhiteTeamCountry "FAI"]
[BlackTeamCountry "ESP"]

1. e4 c5 2. Nf3 Nc6 3. d4 cxd4 4. Nxd4 g6 5. Nc3 Bg7 6. Be3 Nf6 7. Bc4 0-0 8. Bb3 a5 9. 0-0 a4 10. Nxa4 Nxe4 11. c3 d6 12. Nb5 Nf6 13. Bb6 Qd7 14. Re1 Qg4 15. f3 Qf5 16. Nc7 Rb8 17. Qe2 Bd7 18. Rad1 Rbc8 19. c4 Ne8 20. Nd5 e6 21. g4 Qg5 22. Be3 Qd8 23. Ndb6 Rc7 24. Nxd7 Rxd7 25. Nb6 Nd4 26. Rxd4 Qxb6 27. Rd2 Qc6 28. Red1 Nc7 29. a3 Kh8 30. Ba2 f5 31. g5 f4 32. Bf2 Rf5 33. h4 Re5 34. Qd3 d5 35. b4 d4 36. b5 Qc5 37. Kg2 Ne8 38. Re2 Rxe2 39. Qxe2 e5 40. Bb1 Nd6 41. Bd3 Qxa3 42. Be1 Nf5 43. Rb1 Ne3+ 44. Kh2 Bf8 45. b6 Bc5 46. Rb5 Rd6 47. Ra5 Rxb6 48. Rxa3 Bxa3 49. Kh1 Rb2 50. Bd2 Bb4 51. Bxb4 Rxe2 52. Bxe2 Nf5 53. Be1 Kg7 54. Bd3 Ne3 55. Kg1 h6 56. Ba5 hxg5 57. hxg5 Kf7 58. c5 Nf5 59. Be4 Ke6 60. Bxb7 Ne7 61. c6 d3 62. Kf2 e4 63. fxe4 1-0

[Event "Son Dameto Mestres 2nd"]
[Site "Son Dameto"]
[Date "2004.01.10"]
[Round "5.5"]
[White "Segura Ariza, Jose Luis"]
[Black "Ducros Salva, Antonio"]
[Result "1/2-1/2"]
[WhiteElo "2218"]
[BlackElo "2239"]
[PlyCount "36"]
[EventDate "2003.12.27"]
[EventType "tourn"]
[EventRounds "9"]
[EventCountry "ESP"]
[SourceTitle "EXT 2005"]
[Source "ChessBase"]
[SourceDate "2004.11.15"]
[SourceVersion "1"]
[SourceVersionDate "2004.11.15"]
[SourceQuality "1"]

1. Nf3 d5 2. c4 c6 3. b3 Bg4 4. Ne5 Bf5 5. d4 Nd7 6. Nxd7 Qxd7 7. e3 Nf6 8. Be2 e5 9. 0-0 Bd6 10. Nd2 Ne4 11. Bb2 Nxd2 12. Qxd2 0-0 13. Bf3 Rfe8 14. g3 Qe7 15. Bg2 Rad8 16. Qe2 Qg5 17. Bc3 h6 18. h3 Be4 1/2-1/2

[Event "Binissalem op 16th"]
[Site "Binissalem"]
[Date "2003.09.14"]
[Round "6"]
[White "Ferrer Roig, Juan"]
[Black "Ducros Salva, Antonio"]
[Result "1/2-1/2"]
[WhiteElo "2131"]
[BlackElo "2188"]
[PlyCount "66"]
[EventDate "2003.09.05"]
[EventType "swiss"]
[EventRounds "9"]
[EventCountry "ESP"]
[SourceTitle "EXT 2004"]
[Source "ChessBase"]
[SourceDate "2003.11.25"]
[SourceVersion "1"]
[SourceVersionDate "2003.11.25"]
[SourceQuality "1"]

1. e4 c5 2. Nc3 Nc6 3. f4 g6 4. Nf3 Bg7 5. Bb5 Nd4 6. 0-0 e6 7. d3 Ne7 8. Nxd4 cxd4 9. Ne2 0-0 10. Qe1 d6 11. Bd2 Bd7 12. Bc4 Rc8 13. Qh4 d5 14. Bb3 dxe4 15. dxe4 Nc6 16. Qg4 Na5 17. Bb4 Re8 18. Bxa5 Qxa5 19. Ng3 Ba4 20. f5 Bxb3 21. fxg6 hxg6 22. axb3 Qb6 23. Qf3 Re7 24. Rf2 Rd7 25. Qd3 Rdc7 26. Kh1 Be5 27. Raf1 Qd6 28. Rf3 Kg7 29. R1f2 Rh8 30. Kg1 Rh4 31. Qf1 f6 32. h3 Qc6 33. Rd2 Qc5 1/2-1/2

[Event "ESP-ch U20"]
[Site "Mondariz"]
[Date "2003.07.24"]
[Round "5.11"]
[White "Ducros Salva, Antonio"]
[Black "Gutierrez Castillo, Paloma"]
[Result "1-0"]
[WhiteElo "2188"]
[BlackElo "2136"]
[PlyCount "53"]
[EventDate "2003.06.22"]
[EventType "swiss"]
[EventRounds "8"]
[EventCountry "ESP"]
[SourceTitle "EXT 2004"]
[Source "ChessBase"]
[SourceDate "2003.11.25"]
[SourceVersion "1"]
[SourceVersionDate "2003.11.25"]
[SourceQuality "1"]

1. g3 d5 2. c4 e6 3. Bg2 Nf6 4. Nf3 Be7 5. 0-0 0-0 6. b3 c5 7. Bb2 b6 8. cxd5 Nxd5 9. Nc3 Nxc3 10. Bxc3 Bb7 11. Qc2 Bf6 12. Ng5 Bxg5 13. Bxb7 Nd7 14. Bxa8 Qxa8 15. Rfd1 f5 16. d4 f4 17. dxc5 fxg3 18. hxg3 Nxc5 19. Bb4 Rc8 20. Bxc5 Rxc5 21. Qd3 Rd5 22. Qf3 Rxd1+ 23. Rxd1 Qc8 24. Qe4 Bf6 25. Qc4 Qe8 26. Rd6 Kf7 27. Qc7+ 1-0

[Event "Palma de Mallorca Mestres 1st"]
[Site "Palma de Mallorca"]
[Date "2003.01.18"]
[Round "7"]
[White "Ducros Salva, Antonio"]
[Black "Mascaro March, Pedro"]
[Result "1/2-1/2"]
[WhiteElo "2203"]
[BlackElo "2320"]
[PlyCount "127"]
[EventDate "2002.12.28"]
[EventType "tourn"]
[EventRounds "9"]
[EventCountry "ESP"]
[SourceTitle "EXT 2006"]
[Source "ChessBase"]
[SourceDate "2005.11.24"]
[SourceVersion "1"]
[SourceVersionDate "2005.11.24"]
[SourceQuality "1"]

1. c4 Nf6 2. Nc3 c5 3. g3 b6 4. Nf3 Bb7 5. Bg2 e6 6. 0-0 Be7 7. Re1 a6 8. e4 d6 9. d4 cxd4 10. Nxd4 Qc7 11. b3 0-0 12. Bb2 Nbd7 13. Rc1 Rac8 14. f4 Qb8 15. Rc2 Nc5 16. g4 Rfd8 17. g5 Ne8 18. Rd2 Ba8 19. Qg4 b5 20. cxb5 axb5 21. Ndxb5 Bf8 22. Na3 d5 23. exd5 Nc7 24. Red1 Nxd5 25. Nxd5 Bxd5 26. Bxd5 exd5 27. Nb1 Ne4 28. Re2 Re8 29. Kg2 Qb5 30. Be5 Rc6 31. Qf3 Rg6 32. a4 Qc6 33. Kh1 f6 34. gxf6 gxf6 35. Bd4 Bc5 36. Bxc5 Qxc5 37. Nc3 f5 38. Nxd5 Rd8 39. Rxe4 fxe4 40. Qxe4 Qf8 41. f5 Rgd6 42. Rg1+ Kf7 43. Nf4 Qh6 44. Ne6 R8d7 45. Qe5 Rd1 46. Qg3 Rxg1+ 47. Qxg1 Kf6 48. Nc5 Rd8 49. Ne4+ Ke5 50. Nf2 Qc6+ 51. Qg2 Qc1+ 52. Qg1 Qxg1+ 53. Kxg1 Rb8 54. b4 Kxf5 55. Nd3 Ke4 56. Nc5+ Kd5 57. Na6 Rg8+ 58. Kf2 Kc6 59. Kf3 Kb6 60. Nc5 h5 61. Ne4 Ra8 62. Nc5 Kc6 63. Kf4 Rg8 64. h3 1/2-1/2

[Event "Palma de Mallorca Mestres 1st"]
[Site "Palma de Mallorca"]
[Date "2003.01.12"]
[Round "6"]
[White "Gonzalez Arribas, Vidal Alejandro"]
[Black "Ducros Salva, Antonio"]
[Result "1/2-1/2"]
[WhiteElo "2107"]
[BlackElo "2203"]
[PlyCount "38"]
[EventDate "2002.12.28"]
[EventType "tourn"]
[EventRounds "9"]
[EventCountry "ESP"]
[SourceTitle "EXT 2006"]
[Source "ChessBase"]
[SourceDate "2005.11.24"]
[SourceVersion "1"]
[SourceVersionDate "2005.11.24"]
[SourceQuality "1"]

1. c4 e5 2. Nc3 f5 3. g3 Nf6 4. Bg2 d6 5. e3 g6 6. Nge2 Bg7 7. d3 0-0 8. 0-0 a5 9. b3 c6 10. Bb2 Be6 11. Rc1 Re8 12. Qd2 Bf7 13. h3 Na6 14. f4 exf4 15. Nxf4 Nc5 16. Na4 Nfd7 17. Bxg7 Kxg7 18. Nxc5 Nxc5 19. d4 Ne4 1/2-1/2

[Event "Calanova 1st"]
[Site "Palma de Mallorca"]
[Date "2002.12.23"]
[Round "11"]
[White "Rodriguez Guerrero, Enrique"]
[Black "Ducros Salva, Antonio"]
[Result "1/2-1/2"]
[WhiteElo "2324"]
[BlackElo "2203"]
[PlyCount "80"]
[EventDate "2002.12.13"]
[EventType "tourn"]
[EventRounds "11"]
[EventCountry "ESP"]
[EventCategory "3"]
[SourceTitle "CBM 091 Extra"]
[Source "ChessBase"]
[SourceDate "2003.01.09"]
[SourceVersion "1"]
[SourceVersionDate "2003.01.09"]
[SourceQuality "1"]

1. e4 c5 2. Nf3 Nc6 3. d4 cxd4 4. Nxd4 g6 5. Nc3 Bg7 6. Be3 Nf6 7. Bc4 0-0 8. Bb3 a5 9. 0-0 d6 10. Ndb5 Bd7 11. f3 Nb4 12. Qe2 Bc6 13. Na4 Nd7 14. c4 Na6 15. Rfd1 Rc8 16. Na7 Rb8 17. Nxc6 bxc6 18. c5 Naxc5 19. Nxc5 dxc5 20. Rd2 Qc7 21. Rad1 Rfd8 22. g3 Bd4 23. Bxd4 cxd4 24. Rxd4 Nc5 25. Bc4 Rxd4 26. Rxd4 Qb6 27. Qf2 Kg7 28. Rd2 e5 29. Kg2 Rb7 30. Rc2 Nd7 31. Qxb6 Rxb6 32. Bb3 Kf6 33. Ba4 Nb8 34. b3 Ke6 35. Rc5 Ra6 36. f4 f6 37. fxe5 fxe5 38. Kf2 Kd6 39. Rc1 Nd7 40. Rd1+ Ke7 1/2-1/2

[Event "Calanova 1st"]
[Site "Palma de Mallorca"]
[Date "2002.12.22"]
[Round "10"]
[White "Ducros Salva, Antonio"]
[Black "Pons Sastre, Santiago"]
[Result "1-0"]
[WhiteElo "2203"]
[BlackElo "2377"]
[PlyCount "67"]
[EventDate "2002.12.13"]
[EventType "tourn"]
[EventRounds "11"]
[EventCountry "ESP"]
[EventCategory "3"]
[SourceTitle "CBM 091 Extra"]
[Source "ChessBase"]
[SourceDate "2003.01.09"]
[SourceVersion "1"]
[SourceVersionDate "2003.01.09"]
[SourceQuality "1"]

1. c4 c5 2. Nc3 Nf6 3. g3 d5 4. cxd5 Nxd5 5. Bg2 Nc7 6. d3 e5 7. Nh3 Be7 8. 0-0 h5 9. f4 h4 10. Nf2 hxg3 11. hxg3 Nc6 12. Be3 exf4 13. Bxf4 Ne6 14. Be3 Ned4 15. Nfe4 f5 16. Nd2 Bd6 17. Bf4 Bxf4 18. Rxf4 Qg5 19. Nf1 Bd7 20. Nd5 0-0-0 21. Rc1 Kb8 22. Rf2 b6 23. e3 Ne6 24. b4 Ne5 25. bxc5 Bc6 26. Qb3 Nd4 27. exd4 Qxc1 28. cxb6 Rxd5 29. Bxd5 Rd8 30. bxa7+ Ka8 31. Rb2 Nd7 32. Rc2 Qxc2 33. Qxc2 Bxd5 34. Qc7 1-0

[Event "Calanova 1st"]
[Site "Palma de Mallorca"]
[Date "2002.12.20"]
[Round "8"]
[White "Ducros Salva, Antonio"]
[Black "Saldano Dayer, Horacio"]
[Result "0-1"]
[WhiteElo "2203"]
[BlackElo "2418"]
[PlyCount "94"]
[EventDate "2002.12.13"]
[EventType "tourn"]
[EventRounds "11"]
[EventCountry "ESP"]
[EventCategory "3"]
[SourceTitle "CBM 091 Extra"]
[Source "ChessBase"]
[SourceDate "2003.01.09"]
[SourceVersion "1"]
[SourceVersionDate "2003.01.09"]
[SourceQuality "1"]

1. c4 c6 2. g3 d5 3. Bg2 e6 4. b3 dxc4 5. bxc4 Qd4 6. Nc3 Qxc4 7. Nf3 Nf6 8. 0-0 Be7 9. Bb2 Nbd7 10. d4 0-0 11. Qc2 Nd5 12. Rac1 Qa6 13. Rfd1 Qa5 14. e4 Nxc3 15. Bxc3 Bb4 16. Ba1 Be7 17. h4 Rd8 18. Rd3 b6 19. Re3 Bb7 20. Rd1 Rac8 21. Qb2 Bf8 22. Bh3 Qb4 23. Qc2 Qe7 24. Qb3 a6 25. Kh2 b5 26. Ng5 c5 27. d5 c4 28. Qc2 e5 29. Rf3 Nf6 30. Bxe5 Qxe5 31. Rf5 Qe8 32. e5 h6 33. exf6 hxg5 34. fxg7 Bxg7 35. Rxg5 Rc5 36. Qc3 Qf8 37. Qf6 Rdxd5 38. Rdxd5 Rxd5 39. Bf5 Rd1 40. Kh3 Bf3 41. g4 Bb7 42. f3 Bxf3 43. Qh6 Rh1+ 44. Kg3 Qb8+ 45. Kf2 Qh2+ 46. Ke3 Qe2+ 47. Kf4 Qe5+ 0-1

[Event "Calanova 1st"]
[Site "Palma de Mallorca"]
[Date "2002.12.19"]
[Round "7"]
[White "Cabrera Pino, Alexis"]
[Black "Ducros Salva, Antonio"]
[Result "1-0"]
[WhiteElo "2469"]
[BlackElo "2203"]
[PlyCount "87"]
[EventDate "2002.12.13"]
[EventType "tourn"]
[EventRounds "11"]
[EventCountry "ESP"]
[EventCategory "3"]
[SourceTitle "CBM 091 Extra"]
[Source "ChessBase"]
[SourceDate "2003.01.09"]
[SourceVersion "1"]
[SourceVersionDate "2003.01.09"]
[SourceQuality "1"]

1. e4 c5 2. Nc3 Nc6 3. f4 g6 4. Nf3 Bg7 5. Bb5 Nd4 6. 0-0 e6 7. Nxd4 cxd4 8. Ne2 Ne7 9. d3 0-0 10. Ba4 d6 11. Bd2 Bd7 12. Bb3 Kh8 13. Qe1 Nc6 14. Kh1 f5 15. c3 dxc3 16. Bxc3 Qe7 17. Qd2 Rad8 18. Rae1 Qf7 19. Qe3 Rfe8 20. Nd4 Nxd4 21. Bxd4 b6 22. Bc4 Bc8 23. Bb5 Re7 24. Rf2 Rc7 25. a4 Bxd4 26. Qxd4+ Qg7 27. Qb4 a5 28. Qb3 Qd4 29. Rfe2 d5 30. exd5 exd5 31. Qa3 Rc5 32. Re7 Kg8 33. Qa1 Rc2 34. b3 Qxa1 35. Rxa1 Rb2 36. h4 Rxb3 37. Rc1 Rxb5 38. axb5 Bd7 39. Rc7 Bxb5 40. Rg7+ Kf8 41. Rxh7 Kg8 42. Rcg7+ Kf8 43. Rxg6 Bxd3 44. h5 1-0

[Event "Mallorca-chT"]
[Site "Palma de Mallorca"]
[Date "2002.04.20"]
[Round "10.3"]
[White "Ducros Salva, Antonio"]
[Black "Guzman, Juan Pablo"]
[Result "1-0"]
[WhiteElo "2183"]
[BlackElo "2142"]
[PlyCount "57"]
[EventDate "2002.??.??"]
[EventType "team"]
[EventRounds "10"]
[EventCountry "ESP"]
[SourceTitle "EXT 2003"]
[Source "ChessBase"]
[SourceDate "2002.11.25"]
[SourceVersion "1"]
[SourceVersionDate "2002.11.25"]
[SourceQuality "1"]

1. g3 e5 2. c4 Nf6 3. Bg2 d5 4. cxd5 Nxd5 5. Nc3 Nb6 6. Nf3 Nc6 7. 0-0 Be7 8. a4 Be6 9. a5 Nd5 10. d4 exd4 11. Nb5 d3 12. Qxd3 Ncb4 13. Qb1 c6 14. Nbd4 Bd7 15. e4 Nc7 16. Rd1 Qc8 17. Bd2 0-0 18. Bc3 Re8 19. Qc1 Bg4 20. Qd2 Nca6 21. Qf4 c5 22. Nb5 Be6 23. Nd6 Bxd6 24. Rxd6 f6 25. Rad1 Na2 26. Bxf6 gxf6 27. Qxf6 Nc7 28. Ng5 Rf8 29. Qh6 1-0